000 00423nam a2200181Ia 4500
005 20250210023539.0
008 240331s9999 xx 000 0 und d
020 _a812061027X
082 _bFAR
_a954
100 _aFarrer,R
245 0 _aIn old Ceylon
260 _aNew Delhi
_bAsian Educational Services
_c1995
300 _aix, 351 p .,
650 _aLanuage
650 _aold ceylon
650 _aSocial
942 _cL
999 _c3502
_d3502